Technika administratívy učebnica pre 2. ročník stredných ekonomických škôl a pre kurzy Štátneho stenografického ústavu

Bibliographic Details
Main Authors: Horvát, Dezider (Author), Topinka, Václav, 1905-1976 (Author)
Format: Book
Language:Slovak
PhysicalDescription:139 s. 29 cm
Published: Bratislava Slovenské pedagogické nakladateľstvo 1962
Edition:4. vyd.

MARC

LEADER 00000nam a2200000 a 4500
001 vtls001399356
003 SK-MaSNL
005 20260301201913.0
008 240318s1962 xo 0 slo
035 |a SNK000353818 
040 |a SNK  |b slo  |c SNK  |e AACR2 
041 0 |a slo 
044 |a xo  |c SK 
100 1 |a Horvát, Dezider  |4 aut  |9 296267 
245 1 0 |a Technika administratívy  |b učebnica pre 2. ročník stredných ekonomických škôl a pre kurzy Štátneho stenografického ústavu  |c Dezider Horvát, Václav Topinka 
250 |a 4. vyd. 
260 |a Bratislava  |b Slovenské pedagogické nakladateľstvo  |c 1962 
300 |a 139 s.  |c 29 cm 
700 1 |a Topinka, Václav,  |d 1905-1976  |4 aut  |9 190768 
999 |c 896749  |d 898679 
952 |a SNK  |b SNK  |y PREZ  |7 0  |p 17A0255496  |o snkSB 9498  |i snkKSP 7178/62  |0 0  |1 0  |4 0  |d 2000-11-02  |f 1  |l 0  |r 2025-03-04 00:00:00  |w 2026-02-24 
952 |t P60, <04>, [BOOK], {604}  |a SNK  |b SNK  |y VYP  |7 0  |p 17A0255999  |o snkSB 9498 D1  |i snkKSP 7179/62  |0 0  |1 0  |4 0  |d 2000-11-02  |l 0  |r 2005-01-02 00:00:00  |w 2026-02-24